01427nam a2200361 a 450000500170000000800410001702000150005804000250007304100080009804400070010608200180011310000280013124500380015926000610019730000650025850400570032365000500038065000390043065000250046965000200049465000200051466200630053466200460059766200480064366200710069166200450076266200590080766200440086666200470091066200490095770000280100670000310103420180803164931.0140221b1999 ck ||||| |||| 00| 0 spa d a9589550428 aCO-BoIAVHcCO-BoIAVH aspa ack a508.866bC34s1 aCastaño Uribe, Carlos1 aSierras y serranías de Colombia aSantiago de Cali (Colombia):bBanco de Occidente,c1999. a205 páginasbilustraciones y fotografías a colorc34 cm. aIncluye referencias bibliográficas (Página 205). 6aSistemas montañosos periféricoszColombia 6aEcosistemas de montañazColombia 6aGeologíazColombia 6aFlorazColombia 6aFaunazColombia aColombiacSerranía de ChiribiquetebCaquetá y Guaviare aColombiacSerranía de la MacarenabMeta aColombiacSerranía de NaquénbGuainía aColombiacSierra Nevada de Santa MartabCesar, Guajira y Magdalena aColombiacSerranía de MacuirabGuajira aColombiacSerranía de San JacintobSucre y Bolívar aColombiacSerranía de PerijábCesar aColombiacSerranía del DariénbChocó aColombiacSerranía de San LucasbBolívar1 aGómez Durán, Camilo1 aHurtado García, Andrés